| 000 | 00733nam a2200205 a 4500 | ||
|---|---|---|---|
| 001 | 000042347 | ||
| 005 | 20201002040108.0 | ||
| 008 | 131127s1975 ve 000 0 spa d | ||
| 040 |
_aDO-SdBNP _bspa _cBNPHU |
||
| 082 |
_axxx _bxxx |
||
| 100 | 1 |
_aRangel, José Vicente _969413 |
|
| 245 | 1 | 3 |
_aEl año chucuto / _cJosé Vicente Rangel, Teodoro Petkoffm, Germán Lairet. |
| 260 |
_aCaracas : _b[Distribución, Publicaciones Españolas], _c1975. |
||
| 300 |
_a225 p. : _bil. ; _c18 cm. |
||
| 490 | 1 | _aParlamento y socialismo | |
| 500 | _aIncluye datos biográficos de los autores en la solapa de la contracubierta | ||
| 700 | 1 | 2 |
_aPetkoffm, Teodoro _969414 |
| 700 | 1 | 2 |
_aLairet, Germán _969415 |
| 830 | 0 |
_aParlamento y socialismo _969416 |
|
| 999 |
_c41836 _d41836 |
||